Gobernabilidad e Instituciones en las Cuencas transfronterizas de América Central y México /
El principal desafío que enfrenta la gestión de cuencas transfronterizas es la construcción de instituciones que logren, por un lado, superar la lógica de administración territorial basado en el enfoque de soberanía nacional, y por otro, que incorpore la noción de derechos y deberes compartidos dent...
Salvato in:
| Autore principale: | |
|---|---|
| Altri autori: | , |
| Natura: | Sconosciuto |
| Lingua: | Spanish |
| Pubblicazione: |
San José, Costa Rica :
FLACSO,
2009
|
| Soggetti: | |
| Tags: |
Aggiungi Tag
Nessun Tag, puoi essere il primo ad aggiungerne!!
|
MARC
| LEADER | 00000 a2200000 04500 | ||
|---|---|---|---|
| 001 | 43609 | ||
| 003 | cru CIDCACS/IIS | ||
| 005 | 20230613141353.0 | ||
| 008 | 050701s2009 cr spa d | ||
| 020 | |a 978-9977-68-175-7 | ||
| 040 | |c cru IIS | ||
| 090 | |a 01.02.01 H557g | ||
| 100 | |a Hernández Ulate, Aurora | ||
| 245 | |a Gobernabilidad e Instituciones en las Cuencas transfronterizas de América Central y México / |c Aurora Hernández Ulate ; Alexander López Ramírez ; Alicia Jiménez Elizondo | ||
| 260 | |a San José, Costa Rica : |b FLACSO, |c 2009 | ||
| 300 | |a 150 páginas : |g ráficos, mapas | ||
| 520 | |a El principal desafío que enfrenta la gestión de cuencas transfronterizas es la construcción de instituciones que logren, por un lado, superar la lógica de administración territorial basado en el enfoque de soberanía nacional, y por otro, que incorpore la noción de derechos y deberes compartidos dentro de nuevos marcos institucionales de cooperación transfronteriza. En ese sentido, la región de América Central y México puede caracterizarse en buena medida, por la ausencia de tales mecanismos en casi todos los espacios de cuencas transfronterizas. Los anteriores dos elementos constituyen las razones fundamentales que justifican este libro. | ||
| 590 | |a RRA/OCTUBRE2012 | ||
| 650 | |a CUENCAS | ||
| 650 | |a FRONTERAS | ||
| 650 | |a GOBERNABILIDAD | ||
| 650 | |a MARCO INSTITUCIONAL | ||
| 650 | |a AMERICA CENTRAL | ||
| 650 | |a MEXICO | ||
| 700 | |a López Ramírez, Alexarder | ||
| 700 | |a Jiménez Elizondo, Alicia | ||
| 942 | |2 ddc |c LI | ||
| 999 | |c 11629 |d 11629 | ||



